Journal of the Knowledge Economy

Guardado en:
Detalles Bibliográficos
Formato: Seriadas
Lenguaje:inglés
Publicado: New York Springer
Etiquetas: Agregar Etiqueta
Sin Etiquetas, Sea el primero en etiquetar este registro!

MARC

LEADER 00000nas1a2200000 4500
001 0304668
005 20250701092136.6
022 |a 1868-7865 
022 |a 1868-7873 
041 0 |a eng 
044 |a US 
245 1 0 |a Journal of the Knowledge Economy 
264 1 |a New York  |b Springer 
500 |a Od roku 2024 je časopis vyradený z databázy Scopus